| 000 | 00684nam a22002411 4500 | ||
|---|---|---|---|
| 001 | 32867 | ||
| 003 | BD-RjUL | ||
| 005 | 20211209051916.0 | ||
| 008 | 140428s1967 enk b 001 0beng | ||
| 035 | _a(BD-RjUL)32957 | ||
| 040 |
_aDLC _cDLC _dBD-RjUL _beng |
||
| 041 | _aeng | ||
| 082 | 0 | 0 |
_a297.63 _bHUP 1967 |
| 100 | 1 |
_aHusain, Athar _d1920- _999924 |
|
| 245 | 1 | 0 |
_aProphet Muhammad and his mission / _cAthar Husain |
| 260 |
_aLondon : _bAsia Publishing House, _cc1967. |
||
| 300 |
_axi, 214 p. ; _c22 cm. |
||
| 504 | _aInclude bibliography and index. | ||
| 600 | 0 | 0 |
_aMuḼammad, _cProphet, _d-632. _999926 |
| 942 |
_2ddc _cBK |
||
| 999 |
_c32867 _d32867 |
||